Medieval Helmet Types by Picture - Statistics

General Stats
  • This quiz has been taken 171 times
  • The average score is 5 of 7
Answer Stats
Picture Answer % Correct
Great Helm
81%
Frogmouth
77%
Hounskull
75%
Sallet
67%
Armet
59%
Barbute
54%
Kettle Hat
50%
No matching quizzes found
Score Distribution
Percent of People with Each Score
Percentile by Number Answered
Your Score History
You have not taken this quiz